00813nam a2200241 i 4500001001000000003000900010005001700019007000300036008004100039020001500080040003000095041000800125082001900133100003800152245012800190250002300318264005500341300005600396336002700452337003400479338003000513490002800543000038539DO-SdBNP20260414143623.0ta260210s1997 dr ac r 000 0 spa d a8484002519 aDO-SdBNPbspacBNPHUerda aspa 4axxxbC957b2221 aCruz Segura, Juan J.eautor4aut.10aBajo la barbarie :bla juventud democrática clandestina (1947-1959), testimonio de un protagonista /cJuan J. Cruz Segura aPrimera edición  aSanto Domingo :bEditora Taller C. por A.., c1997 a195 páginas :bilustraciones, rretratos ;c24 cm. atextobtxt2rdacontent asin mediación bn2rdamedia avolumen bnc2rdacarrier0 aBiblioteca Taller v317